000 01142nam0a22002771 4500
001 rc\4720486
005 20130416213131.1
021 _aRU
_bРг1912-61
035 _a(NLR Aleph) 008441394
090 _a9480545
_c9480545
100 _a20130416d1961 |||y0rusy50 ca
101 0 _arus
102 _aRU
105 _aa z |||||
200 1 _aИзучения разряда конденсатора через большое омическое сопротивление
_fПод ред. канд. физ.-мат. наук, доц. Штрауф, Е.А.
210 _aЛенинград
_cБ. и.
_d[1961]
215 _a[1], 6 с.
_cсхем.
_d29
225 1 _aЛенинградский технологический институт холодильной промышленности. Руководство к лабораторным работам по физике
_v51
300 _aОтпеч. множит. аппаратом
700 1 _aПруссакова
_bН. Г.
702 1 _aШтрауф
_bЕ. А.
_4340
801 0 _aRU
_bNLR
_gpsbo
801 1 _aRU
_bELAR
_2rusmarc
852 _aNLR
_j61-8/452
942 _cBOOK
980 _aNB